| 000 | 00000nam##2200000za#4500 |
| 001 | 9.575088 |
| 003 | CaOODSP |
| 005 | 20210624184509 |
| 007 | cr ||||||||||| |
| 008 | 150406|2007||||xxc|||||o f|0| 0 eng|d |
| 022 | |a1488-5379 |
| 040 | |aCaOODSP|beng |
| 043 | |an-cn--- |
| 086 | 1 |aFs97-6/2763E-PDF |
| 110 | 1 |aCanada. |bDepartment of Fisheries and Oceans. |
| 245 | 10|aPredicting snow crab (Chionoecetes opilio) abundance using kriging with external drift with depth as a covariate / |h[electronic resource]|cby T. Surette, D. Marcotte and E. Wade. |
| 260 | |aMoncton - New Brunswick : |bFisheries and Oceans Canada |cc2007. |
| 300 | |a42p.|bfigs., references, tables |
| 490 | 1 |aCanadian technical report of fisheries and aquatic sciences|x1488-5379|vNo. 2763 |
| 500 | |aThe catalogue number and ISSN for the print edition appear in this electronic version. |
| 590 | |a12-38-Supp|b2012-09-27 |
| 720 | 1 |aWade, E. |
| 720 | 1 |aSurette, T. J. |
| 720 | 1 |aMarcotte, D. |
| 776 | 0#|tPredicting snow crab (Chionoecetes opilio) abundance using kriging with external drift with depth as a covariate / |w(CaOODSP)9.617371 |
| 830 | #0|aCanadian technical report of fisheries and aquatic sciences,|x1488-5379|vNo. 2763|w(CaOODSP)9.504449 |
| 856 | 40|ahttp://publications.gc.ca|qPDF|s1017 KB|uhttps://publications.gc.ca/collections/collection_2012/mpo-dfo/Fs97-6-2763-eng.pdf|yNo. 2763 |